Online
Catalog

Cultura, sociedad y cooperación : (Record no. 57351)

MARC details
000 -CABECERA
campo de control de longitud fija 01489nam a2200313 i 4500
003 - IDENTIFICADOR DEL NÚMERO DE CONTROL
campo de control DO-SdBNP
005 - FECHA Y HORA DE LA ÚLTIMA TRANSACCIÓN
campo de control 20240725101651.0
006 - CÓDIGOS DE INFORMACIÓN DE LONGITUD FIJA--CARACTERÍSTICAS DEL MATERIAL ADICIONAL
campo de control de longitud fija a||||gr|||| 00| 0
007 - CAMPO FIJO DE DESCRIPCIÓN FÍSICA--INFORMACIÓN GENERAL
campo de control de longitud fija ta
008 - DATOS DE LONGITUD FIJA--INFORMACIÓN GENERAL
campo de control de longitud fija 240724e2003 cu ad||| |||| 00| e spa d
020 ## - NÚMERO INTERNACIONAL ESTÁNDAR DEL LIBRO
Número Internacional Estándar del Libro 9592420653
040 ## - FUENTE DE LA CATALOGACIÓN
Centro catalogador/agencia de origen DO-SdBNP
Lengua de catalogación spa
Centro/agencia transcriptor BNPHU
Normas de descripción rda
082 #4 - NÚMERO DE LA CLASIFICACIÓN DECIMAL DEWEY
Número de edición 22
Número de documento/Ítem C968s
245 00 - MENCIÓN DE TÍTULO
Título Cultura, sociedad y cooperación :
Resto del título ensayos sobre la sociedad civil del Gran Caribe /
Mención de responsabilidad, etc. Coordinadores, Antonio Gaztambide-Géigel y Rafael Hernández; edición al cuidado de Dania García Ronda.
246 ## - FORMA VARIANTE DE TÍTULO
Título propio/Titulo breve Ensayos sobre la sociedad civil del Gran Caribe.
264 #1 - PRODUCCIÓN, PUBLICACIÓN, DISTRIBUCIÓN, FABRICACIÓN Y COPYRIGHT
Producción, publicación, distribución, fabricación y copyright Cuba :
Nombre del de productor, editor, distribuidor, fabricante Centro de Investigación y Desarrollo de la Cultura cubana "Juan Marinello",
-- Proyecto Atlantea (Intercambio Academico - Caribe),
Fecha de producción, publicación, distribución, fabricación o copyright 2003
300 ## - DESCRIPCIÓN FÍSICA
Extensión 191 páginas :
Otras características físicas ilustracione, gráficas ;
Dimensiones 23 cm.
336 ## - TIPO DE CONTENIDO
Fuente rdacontent
Término de tipo de contenido texto
Código de tipo de contenido txt
337 ## - TIPO DE MEDIO
Fuente rdamedia
Nombre/término del tipo de medio sin mediación
338 ## - TIPO DE SOPORTE
Fuente rdacarrier
Nombre/término del tipo de soporte volumen
Código del tipo de soporte nc
500 ## - NOTA GENERAL
Nota general Incluye bibliografía y notas al pie de páginas.
500 ## - NOTA GENERAL
Nota general Incluye biografías en las páginas 187-191.
505 ## - NOTA DE CONTENIDO CON FORMATO
Nota de contenido con formato Introducción.
Título Primera parte: Cultura y cooperación.--
-- Segunda parte: Sociedad civil y cooperación.
590 ## - NOTA LOCAL (RLIN)
Nota local Inventariado 2024 / MF
700 1# - PUNTO DE ACCESO ADICIONAL--NOMBRE DE PERSONA
Nombre de persona Hernández, Rafael,
9 (RLIN) 82472
Término indicativo de función/relación coordinador
Título de la obra Cultura, sociedad y ooperación.
700 1# - PUNTO DE ACCESO ADICIONAL--NOMBRE DE PERSONA
Nombre de persona Gaztambide Géigel, Antonio,
9 (RLIN) 20323
Término indicativo de función/relación coordinador
Título de la obra Ensayos sobre la sociedad civil del Gran Caribe.
700 1# - PUNTO DE ACCESO ADICIONAL--NOMBRE DE PERSONA
Nombre de persona Dania García Ronda,
Término indicativo de función/relación editor
9 (RLIN) 86164
942 ## - ELEMENTOS DE PUNTO DE ACCESO ADICIONAL (KOHA)
Fuente del sistema de clasificación o colocación Dewey Decimal Classification
Tipo de ítem Koha Libro
Holdings
Estado de retiro Estado de pérdida Fuente del sistema de clasificación o colocación Restricciones de uso No para préstamo Código de colección Localización permanente Ubicación/localización actual Ubicación en estantería Fecha de adquisición Fuente de adquisición Total de préstamos Signatura topográfica completa Código de barras Fecha visto por última vez Precio válido a partir de Tipo de ítem Koha Nota pública
    Dewey Decimal Classification Préstamo en sala   General Biblioteca Nacional Pedro Henríquez Ureña Biblioteca Nacional Pedro Henríquez Ureña En catalogación 24.07.2023 Pertenció a la biblioteca de Emilio Cordero Michel / Presidencia de la República Dominicana   C968s 2024-4589 24.07.2024 24.07.2024 Libro Ejemplar autografiado por el autor

Powered by Koha